Bilecik Bilecik Bilecik Bilecik Bilecik

Diferansiyel denklemler/ (Record no. 61679)

MARC details
000 -BAŞLIK
Sabit Uzunluktaki Kontrol Alanı 01087nam a22003617a 4500
001 - KONTROL NUMARASI
Control Dosyası 0061882
003 - KONTROL NUMARASI KİMLİĞİ
Kontrol Alanı KOHA_MİRAKIL
005 - EN SON İŞLEM TARİHİ ve ZAMANI
Kontrol Alanı 20260207004353.0
007 - FİZİKSEL TANIM SABİT ALAN - GENEL BİLGİ
Sabit uzunluklu kontrol alanı ta
008 - SABİT UZUNLUKTAKİ VERİ ÖGELERİ - GENEL BİLGİ
Sabit Alan 180208b2004 tu |||gr||||#||||0|tur |
020 ## - ISBN - ULUSLARARASI STANDART KİTAP NUMARASI
Isbn 9756760206
040 ## - KATALOGLAMA KAYNAĞI
Özgün Kataloglama Kurumu TR-BiSEU
Kataloglama Dili tur
Çeviri Kurumu TR-BiSEU
Açıklama Kuralları rda
041 0# - DİL KODU
Metin ya da ses kaydının dil kodu tur
044 ## - YAYINLAYAN/ÜRETEN KURULUŞUN ÜLKE KODU
ISO country code tu
050 ## - SINIFLAMA ve YER NUMARASI
Sınıflama Numarası QA371
Yer Numarası .E74 2004
100 1# - KİŞİ ADI
Yazar Adı (Kişi adı) Eren, Şaban.
245 1# - ESER ADI BİLDİRİMİ
Başlık Diferansiyel denklemler/
Sorumluluk Bildirimi Şaban Eren ; Şaban Eren, Mesut Razbonyalı.
264 #1 - ÜRERİM, YAYIN, DAĞITIM ve TELİF BİLDİRİMİ
Yayın yeri İstanbul :
Yayınlayan T.C. Maltepe Üniversitesi
Yayın tarihi 2004
300 ## - FİZİKSEL TANIMLAMA
Sayfa, Cilt vb. 330 sayfa; 25 cm.
336 ## - İÇERİK TÜRÜ
Content type term metin
Content type code txt
Source rdacontent
337 ## - MEDYA TÜRÜ
Media type term aracısız
Media type code n
Source rdamedia
338 ## - TAŞIYICI TÜRÜ
Carrier type term cilt
Carrier type code nc
Source rdacarrier
490 1# - DİZİ BİLDİRİMİ
Dizi Bildirimi T.C.
490 1# - DİZİ BİLDİRİMİ
Dizi Bildirimi Maltepe Üniversitesi No ;
Cilt Numarası 18.
490 1# - DİZİ BİLDİRİMİ
Dizi Bildirimi MühendislikFakültessi No ;
Cilt Numarası 1.
500 ## - GENEL NOT
Genel Not Kaynakça var.
650 #0 - KONU BAŞLIĞI EK GİRİŞ - KONU TERİMİ
Konusal terim veya coğrafi ad Diferansiyel denklemler.
9 (RLIN) 1691
650 #0 - KONU BAŞLIĞI EK GİRİŞ - KONU TERİMİ
Konusal terim veya coğrafi ad Differential equations.
9 (RLIN) 1690
830 1# - SERİ EK GİRİŞİ - TEKBİÇİM ESER ADI
Tekbiçim Başlık T.C.
9 (RLIN) 6297
830 1# - SERİ EK GİRİŞİ - TEKBİÇİM ESER ADI
Tekbiçim Başlık Maltepe Üniversitesi No ;
Volume number/sequential designation 18.
9 (RLIN) 114864
830 1# - SERİ EK GİRİŞİ - TEKBİÇİM ESER ADI
Tekbiçim Başlık MühendislikFakültessi No ;
Volume number/sequential designation 1.
9 (RLIN) 114865
942 ## - EK GİRİŞ ÖGELERİ (KOHA)
Source of classification or shelving scheme Library of Congress Classification
Koha item type Book
Holdings
Materyal Türü Kalıcı Konum Mevcut Konum Raf Yeri Sınıflandırma Kaynağı Edinim Bilgisi Ana Konular Alt Konular Yer Numarası Demirbaş Numarası Fatura Tarihi Geri Çekilme Durumu Kayıp Durumu Hasarlı Durumu Kredi için değil Kayıt Tarih Toplam Ödünçverme Son Görülme Tarihi Son Kontrol Tarihi Genel / Bağış Notu
Book Prof. Dr. Azmi Özcan Kütüphanesi Prof. Dr. Azmi Özcan Kütüphanesi Birûni Salonu Library of Congress Classification Bağış BİLİM Matematik QA371 .E74 2004 0061882 02/02/2026         08/02/2018 17 05/12/2024 05/12/2024 Genel Bağış